| 000 | 00411nam a2200157Ia 4500 | ||
|---|---|---|---|
| 008 | 230718s9999 xx 000 0 und d | ||
| 041 | _aeng | ||
| 082 |
_a510.620 _bDAS |
||
| 100 | _aDass H.K. | ||
| 245 | _aAdvanced Engineering Mathematics | ||
| 260 |
_c2008 _bS. Chand & Company |
||
| 300 | _a1358 | ||
| 365 |
_cRs. _b450.00 |
||
| 700 | _aDass H.K. | ||
| 906 |
_dO:0052205-Feb-2010B:100207-Jan-2010 _cSS _b135 |
||
| 999 |
_c323815 _d323815 |
||